How to Train Your Dragon - Statistics

General Stats
  • This quiz has been taken 36 times
  • The average score is 12 of 15
Answer Stats
Question Answer % Correct
What is the name of the village the Vikings live in? Berk
97%
What element does Toothless shoot? Plasma
97%
Who are the twin siblings in the movie? Tuffnut and Ruffnut
97%
What separates Toothless from the other dragons? All of the above
94%
What type of dragon does Hiccup and Toothless battle at the end of the movie? Red Death
94%
Who is Gobber to Stoick? Best Friend
91%
Which dragon can light itself on fire? Monstrous Nightmare
91%
Why do the dragons steal food from the Vikings? So they won’t get eaten themselves
91%
Why doesn’t Hiccup kill Toothless when he found him in the woods? He saw himself/self-reflection
88%
What creature terrifies the dragons, even Toothless? Eels
85%
What animal is Toothless modeled after? Black panther
82%
What is Gobber’s full name? Gobber the Belch
64%
What is a dragon’s shot limit? 6
52%
Why do the Vikings give each other such terrible names? To fight off gnomes and trolls
52%
Who is the first character to appear on screen? Toothless
15%
No matching quizzes found
Score Distribution
Percent of People with Each Score
Percentile by Number Answered
Your Score History
You have not taken this quiz